000 00377nam a22001697a 4500
003 MPLRDC
005 20220104143133.0
008 210129b ||||| |||| 00| 0 eng d
082 _a292 WMD
100 _a王明道
245 _a转运术
_c
260 _a
_b常春树书坊
_c
300 _b
490 _a美的丛书. E28
650 _a占卜
942 _cBK
_o292 WMD
999 _c36981
_d36971